000 00529nam a22001577a 4500
999 _c533810
_d533810
020 _qHard Cover.
082 _a624.15
100 _aHussain, Sadam
245 _aStabilization of medium plastic and high plastic clay using gypsum and bagasse ash /
_cSadam Hussain
260 _aIslamabad :
_bNICE - NUST,
_c2016.
300 _axvii, 67 p. ill. ;
_c30cm.
942 _2ddc
_cTHE
650 _aGeotechnical Engineering MS-Thesis.
_916696
700 _aDr. Liaqat Ali.
_916199